000 00843nam a2200193 i 4500
001 25824
003 ES-MaACL
005 20230906153335.0
007 t|
008 030103s1806 sp |||| | spa d
100 1 _aArejula, Juan Manuel de.
_922579
245 1 0 _aBreve descripción de la fiebre amarilla padecida en Cádiz y pueblos comarcanos en 1800, en Medinasidonia en 1801, en Malaga en 1803 y en esta misma plaza y varias otras del Reyno en 1804 /
_cpor Juan Manuel de Arejula.
260 _aMadrid :
_b[s.n.,
_c1806] (
_fImp. Real)
300 _a472 p., 1 plan. pleg., 6 h. pleg. ;
_c21 cm.
530 _aDisponible en formato digital.
650 4 _aFiebre amarilla-
_zAndalucía.
_9166273
852 _aES-MaACL
_jR-1859. Olim: G-15745.
856 _uhttp://bdh-rd.bne.es/viewer.vm?id=0000092430&page=1
_zBiblioteca Digital Hispánica
999 _c25824
_d25824